000
00203nam a2200085Ia 4500
008
170620s9999 xx 000 0 und d
100
_a
RAI- KAILASH
245
0
_a
LEGAL ETHICS
260
_b
CENTRAL LAW AGENCY ALLAHABAD
260
_c
2013
999
_c
30339
_d
30339